I più grandi stadi di calcio d'Italia - Statistics

Statistiche generali
  • Questo quiz è stato fatto 198 volte
  • Il punteggio medio è 9 su 20
Statistiche sulle risposte
Capacitá Stadio % Corretto
80,018 San Siro
99%
70,634 Stadio Olimpico
93%
41,570 Juventus Stadium
91%
54,726 Stadio Diego Armando Maradona
84%
43,147 Stadio Artemio Franchi
71%
38,279 Stadio Renato Dall'Ara
63%
58,270 Stadio San Nicola
62%
27,958 Stadio Olimpico Grande Torino
58%
39,371 Stadio Marc'Antonio Bentegodi
57%
36,349 Stadio Renzo Barbera
51%
31,533 Stadio Via del Mare
49%
33,205 Stadio Luigi Ferraris
46%
31,300 Stadio Arechi
37%
32,420 Stadio Nereo Rocco
10%
27,543 Stadio Oreste Granillo
10%
32,336 Stadio Euganeo
9%
38,772 Stadio San Filippo
9%
28,000 Stadio Renato Curi
7%
30,000 Stadio Flaminio
5%
27,584 Stadio Erasmo Iacovone
1%
Nessun quiz corrispondente trovato
Distribuzione punteggi
Percentuale di utenti per punteggio
Percentile per numero di risposta
I tuoi punteggi nel tempo
Non hai fatto questo quiz